| 000 | 00485nam a2200157Ia 4500 | ||
|---|---|---|---|
| 999 |
_c23358 _d23358 |
||
| 003 | OSt | ||
| 005 | 20210105162421.0 | ||
| 008 | 190216s9999||||xx |||||||||||||| ||und|| | ||
| 040 | _coclc | ||
| 082 |
_a920 _bKON/P |
||
| 100 |
_aKonnare, Mujeeb Thangal _92001 |
||
| 245 | 0 |
_aPanakkad P M S A Pookoya Thangal Jeevacharithram / _cMujeeb Thangal Konnare |
|
| 260 |
_bZamsam Books, _c2008. _aMalappuram: |
||
| 300 | _a175p | ||
| 942 |
_cBK _2ddc _h920 _iKON/P _k920 _mKON/P |
||